000 00682nam a2200133Ia 4500
008 171212s9999 xx 000 0 und d
020 _a9781921536045
245 _ceditor Hunt, Janet;Smith, Diane;Garling, Stephanie;Sanders, Will
_aContested Governance
_bCulture, power and institutions in Indigenous Australia
260 _bANU E Press
_c2008
440 _aCentre for Aboriginal Economic Policy Research (CAEPR)
650 _aAboriginal Australians -- Politics and government; Aboriginal Australians -- Economic conditions; Aboriginal Australians -- Social conditions; Community development -- Australia
650 _aSociology
856 _uwww.jstor.org/stable/10.2307/j.ctt24hcb3
999 _c351051
_d351051